000 00480nam a2200145Ia 4500
041 _aKurdish
082 _a491,3 cut-422 ه
100 _a20260118u\\\\\\\\\\\y0engy0103\\\\ba
100 _aژان هێربێرت
245 0 _aزاراوەکانى کۆنفرانس بە زمانەکانى ئینگلیزى , فرانسى , وکوردى
250 _aچ1
260 _bمەکتەبى بیروهۆشیارى
_aسلیمانى - العراق
_c2009
300 _a113
942 _cBk
999 _c188351
_d188351